000 005400000a22001810004500
003 MACL
005 20160120161643.0
008 160120b xxu||||| |||| 00| 0 eng d
040 _aMACL
_cMACL
041 _aHindi
082 _a351/KUM
100 _aप्रदीप कुमार सिंह
_933738
245 _aलोक प्रशासन
260 _bयूनीक पब्लिकेशंस
_aदिल्‍ली
_c2000
350 _a250
650 _aPublic Administration
_933739
942 _cHIN
_k351 /KUM
_2ddc
999 _c30829
_d30829